| 000 | 01707njm a2200349Ia 4500 | ||
|---|---|---|---|
| 001 | 27151 | ||
| 003 | IT-RoPAU | ||
| 005 | 20220918181126.0 | ||
| 008 | 131025s9999 xx 000 0 und d | ||
| 040 | _aIT-RoPAU | ||
| 040 | _cIT-RoPAU | ||
| 999 |
_c100146 _d100146 |
||
| 999 | _bn.d. | ||
| 100 |
_aAA.VV. _9794 |
||
| 100 |
_eAutore musica _917388 |
||
| 100 |
_gCodice autore musica SPICS: 12000 _9796 |
||
| 245 | _aVivaldi e i grandi musicisti italiani del '600 e '700-vol. 8 | ||
| 250 | _a1a ed. | ||
| 260 | _aMILANO | ||
| 260 |
_bREADER'S DIGEST _c1978 [1a Ed.:1978] |
||
| 300 | _aDISCO | ||
| 500 | _aMusica classica, strumentale | ||
| 505 | _aConcerto n 2 in sol maggiore per flauto, archi e basso continuo - Concerto per oboe e archi in mi bemolle maggiore - Concerto in do minore per oboe e orchestra d'archi - Sonata per archi n 3 in do maggiore | ||
| 511 | _aOrchestra da Camera della Radiodiffusion Sarroise diretta da Ristenpart Karl | ||
| 511 | _aOrchestra da Camera Jean Francois Paillard | ||
| 511 | _aI Solisti Veneti diretti da Scimone Claudio | ||
| 650 |
_aCLASSICA [DISCHI] _eCodice MATERIA SPICS: 9950 _91157 |
||
| 700 |
_aPergolesi G. Battista _dCodice autore musica SPICS: 2718 _eAutore musica _pConcerto n 2 in sol maggiore per flauto, archi e basso continuo _917389 |
||
| 700 |
_aBellini Vincenzo _dCodice autore musica SPICS: 10722 _eAutore musica _pConcerto per oboe e archi in mi bemolle maggiore _917390 |
||
| 700 |
_aCimarosa Domenico _dCodice autore musica SPICS: 13089 _eAutore musica _pConcerto in do minore per oboe e orchestra d'archi _917391 |
||
| 700 |
_aRossini Gioachino _dCodice autore musica SPICS: 11125 _eAutore musica _pSonata per archi n 3 in do maggiore _917392 |
||
| 942 |
_cMD _2ddc |
||